[Event "EU-chT Seniors 03rd"]
[Site "Dresden"]
[Date "2001.03.02"]
[Round "6.1"]
[White "Rother, Martin"]
[Black "Alter, Helmut"]
[Result "1/2-1/2"]
[WhiteElo "1859"]
[BlackElo "1784"]
[PlyCount "41"]
[EventDate "2001.02.26"]
[EventType "team-swiss"]
[EventRounds "7"]
[EventCountry "GER"]
[SourceTitle "EXT 2005"]
[Source "ChessBase"]
[SourceDate "2004.11.15"]
[SourceVersion "1"]
[SourceVersionDate "2004.11.15"]
[SourceQuality "1"]

1. e4 e6 2. d4 d5 3. exd5 exd5 4. Bd3 Nf6 5. h3 Nc6 6. c3 Be6 7. Nf3 Bd6 8. Be3 Qd7 9. Nbd2 h6 10. Rc1 0-0 11. a3 Ne7 12. Ne5 Qe8 13. 0-0 Bf5 14. Ndf3 Be4 15. g4 Ng6 16. Re1 Nxe5 17. dxe5 Bxf3 18. Qxf3 Qxe5 19. Qg2 Ne4 20. Bd4 Qf4 21. Be3 1/2-1/2

[Event "EU-chT Seniors 03rd"]
[Site "Dresden"]
[Date "2001.03.01"]
[Round "5.1"]
[White "Neudel, Bernd"]
[Black "Rother, Martin"]
[Result "0-1"]
[WhiteElo "1782"]
[BlackElo "1888"]
[PlyCount "52"]
[EventDate "2001.02.26"]
[EventType "team-swiss"]
[EventRounds "7"]
[EventCountry "GER"]
[SourceTitle "EXT 2005"]
[Source "ChessBase"]
[SourceDate "2004.11.15"]
[SourceVersion "1"]
[SourceVersionDate "2004.11.15"]
[SourceQuality "1"]

1. d4 Nf6 2. c4 g6 3. Nc3 Bg7 4. e4 d6 5. f3 Nbd7 6. Be3 0-0 7. Nge2 c5 8. d5 Ne5 9. b3 Ne8 10. Qd2 f5 11. Bh6 Bxh6 12. Qxh6 Nd3+ 13. Kd2 Ne5 14. h4 Nf6 15. Qe3 Nh5 16. Kc2 fxe4 17. Nxe4 Bf5 18. g4 Bxe4+ 19. fxe4 Rf3 20. Qd2 Nxg4 21. Bh3 Nhf6 22. Bxg4 Nxg4 23. h5 Qf8 24. hxg6 Ne3+ 25. Kb2 Qf6+ 26. Ka3 Nxc4+ 0-1

[Event "Gemuend op Seniors2"]
[Site "Gemuend"]
[Date "1999.10.26"]
[Round "4"]
[White "Rother, Martin"]
[Black "Schulz, Guenter"]
[Result "1/2-1/2"]
[WhiteElo "1813"]
[BlackElo "1675"]
[PlyCount "49"]
[EventDate "1999.10.24"]
[EventType "swiss"]
[EventRounds "7"]
[EventCountry "GER"]
[SourceTitle "EXT 2003"]
[Source "ChessBase"]
[SourceDate "2002.11.25"]
[SourceVersion "1"]
[SourceVersionDate "2002.11.25"]
[SourceQuality "1"]

1. e4 e6 2. d4 d5 3. Nc3 dxe4 4. Nxe4 Nf6 5. Bg5 Be7 6. Bxf6 Bxf6 7. c3 Bd7 8. Nf3 Bc6 9. Bd3 Bxe4 10. Bxe4 c6 11. Qc2 Nd7 12. Rd1 h6 13. Qe2 Qe7 14. 0-0 0-0 15. Bb1 Rfd8 16. Rfe1 Nf8 17. Rd3 Rd7 18. Nd2 Rad8 19. Ne4 b6 20. Rf3 Bg5 21. g3 f5 22. Nxg5 Qxg5 23. Qc2 Rd5 24. h4 Qh5 25. Kg2 1/2-1/2